Belajar untuk hidup berdikari
| Main Author: | |
|---|---|
| Format: | Book |
| Published: |
Kuala Lumpur :
Puenerbitan Zharfan ,
2007
|
| Series: | Siri pengajaran Rimba
|
| Subjects: |
MARC
| LEADER | 00000cam a2200000 7i4500 | ||
|---|---|---|---|
| 001 | 0000067745 | ||
| 005 | 20161108.0 | ||
| 008 | 161109 | ||
| 020 | |a 9789833670161 | ||
| 090 | 0 | 0 | |a MOR |b MAL |
| 100 | 1 | |a Azlin Ayob | |
| 245 | 0 | 0 | |a Belajar untuk hidup berdikari |c Azlin Ayob |
| 260 | |a Kuala Lumpur : |b Puenerbitan Zharfan , |c 2007 | ||
| 440 | |a Siri pengajaran Rimba | ||
| 650 | 0 | |a Moral -animal fiction | |
| 999 | |a 0001130853 |b Book |c Children Collection |e Cawangan Taman Universiti | ||
| 999 | |a 0001140190 |b Book |c Chinese Collection |e Cawangan Kota Tinggi | ||